Eastern Utah Libraries Catalog: Duchesne, Heber, Roosevelt, & Vernal

Murder in Rose Hill / (Record no. 398142)

MARC details
000 -LEADER
fixed length control field 03177nam a2200529 i 4500
001 - CONTROL NUMBER
control field 1431030720
003 - CONTROL NUMBER IDENTIFIER
control field CPLPT
005 - DATE AND TIME OF LATEST TRANSACTION
control field 20240702182014.0
007 - PHYSICAL DESCRIPTION FIXED FIELD--GENERAL INFORMATION
fixed length control field tb
008 - FIXED-LENGTH DATA ELEMENTS--GENERAL INFORMATION
fixed length control field 240523s2024 meu ed 000 f eng d
010 ## - LIBRARY OF CONGRESS CONTROL NUMBER
LC control number 2024931975
020 ## - INTERNATIONAL STANDARD BOOK NUMBER
International Standard Book Number 9798891641716
Qualifying information (hardback : alk. paper) :
Terms of availability $38.95
035 ## - SYSTEM CONTROL NUMBER
System control number (OCoLC)1431030720
040 ## - CATALOGING SOURCE
Original cataloging agency CPLPT
Language of cataloging eng
Description conventions rda
Transcribing agency CPLPT
043 ## - GEOGRAPHIC AREA CODE
Geographic area code n-us-ny
092 ## - LOCALLY ASSIGNED DEWEY CALL NUMBER (OCLC)
Classification number Large Print Fiction
Item number Thompson
100 1# - MAIN ENTRY--PERSONAL NAME
Personal name Thompson, Victoria
Fuller form of name (Victoria E.),
Relator term author.
9 (RLIN) 41227
245 10 - TITLE STATEMENT
Title Murder in Rose Hill /
Medium [Large Print]
Statement of responsibility, etc Victoria Thompson.
250 ## - EDITION STATEMENT
Edition statement Center Point Large Print edition.
264 #1 - Production, Publication, Distribution, Manufacture, and Copyright Notice.
Place of production, publication, distribution, manufacture Thorndike, Maine :
Name of producer, publisher, distributor, manufacturer Center Point Large Print,
Date of production, publication, distribution, manufacture, or copyr 2024.
264 #4 - Production, Publication, Distribution, Manufacture, and Copyright Notice.
Date of production, publication, distribution, manufacture, or copyr ©2024.
300 ## - PHYSICAL DESCRIPTION
Extent 389 pages (large print) ;
Dimensions 23 cm.
336 ## - Content Type
Content type term text
337 ## - Media type
Media type term unmediated
338 ## - Carrier type
Carrier type term volume
490 1# - SERIES STATEMENT
Series statement A gaslight mystery ;
Volume number/sequential designation [27]
500 ## - GENERAL NOTE
General note Regular print version previously published by Berkley.
500 ## - GENERAL NOTE
General note Includes author's note with background information.
520 ## - SUMMARY, ETC.
Summary, etc "Sarah Malloy has just helped with the delivery of a bouncing baby girl at her women's clinic, when she receives a visit from an engaging and determined young woman writing an article for New Century magazine. Louisa Rodgers explains that she is researching the dangers of patent remedies. Sarah is only too happy to tell Louisa exactly what she thinks of the so-called medicines whose ingredients include heavy doses of alcohol and other addictive drugs, and hurt much more than they help. A few days later, Sarah receives a visit from a bereft Bernard Rodgers, who explains that his daughter, Louisa, has been found strangled in the lobby of the building where New Century has its offices. The police have decided it was a random attack and have made no attempt to investigate, hinting that Louisa got what she deserved for sticking her nose where it didn't belong. Sarah wants justice for the bright young woman but as she and Frank delve deeper into Louisa's life, they find that nothing is quite as it seemed and Louisa is not who she claimed to be. The Malloys must first solve the mystery of Louisa's life before they can figure out who wanted to see her dead . . ."--
600 10 - SUBJECT ADDED ENTRY--PERSONAL NAME
Personal name Brandt, Sarah
Titles and other words associated with a name (Fictitious character)
Form subdivision Fiction.
9 (RLIN) 6489940
600 10 - SUBJECT ADDED ENTRY--PERSONAL NAME
Personal name Malloy, Frank
Titles and other words associated with a name (Fictitious character)
Form subdivision Fiction.
9 (RLIN) 6489941
650 #0 - SUBJECT ADDED ENTRY--TOPICAL TERM
Topical term or geographic name as entry element Private investigators
Form subdivision Fiction.
9 (RLIN) 5674912
650 #0 - SUBJECT ADDED ENTRY--TOPICAL TERM
Topical term or geographic name as entry element Murder
General subdivision Investigation
Form subdivision Fiction.
9 (RLIN) 5673630
650 #0 - SUBJECT ADDED ENTRY--TOPICAL TERM
Topical term or geographic name as entry element Patent medicines
Form subdivision Fiction.
9 (RLIN) 6489942
650 #0 - SUBJECT ADDED ENTRY--TOPICAL TERM
Topical term or geographic name as entry element Investigative reporting
Form subdivision Fiction.
9 (RLIN) 5720299
650 #0 - SUBJECT ADDED ENTRY--TOPICAL TERM
Topical term or geographic name as entry element Midwives
Form subdivision Fiction.
9 (RLIN) 5696284
650 #0 - SUBJECT ADDED ENTRY--TOPICAL TERM
Topical term or geographic name as entry element Large type books.
651 #0 - SUBJECT ADDED ENTRY--GEOGRAPHIC NAME
Geographic name Rose Hill (N.Y.)
Form subdivision Fiction.
9 (RLIN) 6489943
651 #0 - SUBJECT ADDED ENTRY--GEOGRAPHIC NAME
Geographic name New York (N.Y.)
General subdivision History
Chronological subdivision 1898-1951
Form subdivision Fiction.
9 (RLIN) 5707888
655 #7 - INDEX TERM--GENRE/FORM
Genre/form data or focus term Detective and mystery fiction.
Source of term lcgft.
9 (RLIN) 5683641
655 #7 - INDEX TERM--GENRE/FORM
Genre/form data or focus term Cozy mysteries.
Source of term lcgft.
9 (RLIN) 5812499
655 #7 - INDEX TERM--GENRE/FORM
Genre/form data or focus term Historical fiction.
Source of term lcgft.
655 #7 - INDEX TERM--GENRE/FORM
Genre/form data or focus term Large print books.
Source of term lcgft.
9 (RLIN) 5777956
800 1# - SERIES ADDED ENTRY--PERSONAL NAME
Personal name Thompson, Victoria
Fuller form of name (Victoria E.).
Title of a work Gaslight mystery ;
Volume/sequential designation 27.
9 (RLIN) 77275
907 ## - LOCAL DATA ELEMENT G, LDG (RLIN)
a .b492623211
942 ## - ADDED ENTRY ELEMENTS (KOHA)
Source of classification or shelving scheme Dewey Decimal Classification
Koha item type BOOK
Holdings
Withdrawn status Lost status Source of classification or shelving scheme Damaged status Not for loan Collection code Home library Current library Shelving location Date acquired Source of acquisition Serial Enumeration / chronology Total Checkouts Total Renewals Full call number Barcode Date last seen Date checked out Cost, replacement price Price effective from Koha item type
    Dewey Decimal Classification     Large Print Wasatch County Library Wasatch County Library First Floor 07/02/2024 Micromarketing Gaslight mystery 4 2 F Thompson 34301002084509 04/05/2025 03/26/2025 38.95 07/02/2024 BOOK
This project was made possible through a grant from the Institute of Museum and Library Service administered by the Utah State Library Division.

Wasatch County Library

  • 465 East 1200 South, Heber City, Utah 84032
  • Phone 435-654-1511 | Fax 435-654-6456

Hours

  • Monday - Friday 9:30 AM - 8:00 PM
  • Saturday 9:30 AM - 1:30 PM
  • Closed Sundays and Holidays